| 000 | 00884nam a22002897a 4500 | ||
|---|---|---|---|
| 003 | CHAP | ||
| 005 | 20231109113550.0 | ||
| 008 | 971013s1987 r 00010 d | ||
| 010 | _a59194 | ||
| 011 | _a60166 | ||
| 035 | _a64326 | ||
| 040 | _cCHAP | ||
| 090 | _aFolleto 12113 | ||
| 110 | 0 |
_aPrograma Mundial de Alimentos (PMA) _992330 |
|
| 245 |
_aAyuda alimentaria _b: polĂticas y programas |
||
| 260 |
_aRoma : _bEl Programa, _c1987 |
||
| 300 | _a27 p. | ||
| 500 | _ac.4 en bodega | ||
| 590 |
_aBATCH-UPD _b10 _c20130110 _lUCH01 _h0856 |
||
| 590 |
_aCONVERSION _b10 _c20130109 _lUCH01 _h1332 |
||
| 650 | 1 | 4 |
_aAyuda alimentaria. _99032 |
| 901 | _aBK | ||
| 942 | _cFOLL | ||
| 949 |
_aFolleto 12113 _bBC _cFAO _d-140089 _eFAO1 _i64326 _mD _si |
||
| 949 |
_aFolleto 12113 _bBC _cFAO _d-140090 _eFAO2 _fc.2 _i64326 _mD _si |
||
| 949 |
_aFolleto 12113 _bBC _cFAO _d-140091 _eFAO2 _fc.3 _i64326 _mD _si |
||
| 999 |
_c59194 _d59194 |
||